Support of small and medium sized - sized enterprises through selected state programs in the Slovak Republic

Oblasť podpory malých a stredných podnikov prostredníctvom vybraných podporných programov štátnych, prípadne nadnárodných inštitúcií. Úloha štátu a ústredných orgánov štátnej správy pristupovať k zjednodušovaniu administratívy pri formulovaní podmienok programov rozvoja malých a stredných podnikov.

Gespeichert in:
Bibliographische Detailangaben
1. Verfasser: Hvolková, Lenka
Weitere Verfasser: Rosinová, Eliška
Format: Buchkapitel
Sprache:Slowakisch
Schlagworte:
Tags: Tag hinzufügen
Keine Tags, Fügen Sie das erste Tag hinzu!

MARC

LEADER 00000nla a2200000 4500
001 0228645
005 20240417075113.0
041 0 |a slo 
044 |a SK 
245 1 0 |a Support of small and medium sized - sized enterprises through selected state programs in the Slovak Republic  |c Lenka Hvolková, Eliška Rosinová 
520 |a Oblasť podpory malých a stredných podnikov prostredníctvom vybraných podporných programov štátnych, prípadne nadnárodných inštitúcií. Úloha štátu a ústredných orgánov štátnej správy pristupovať k zjednodušovaniu administratívy pri formulovaní podmienok programov rozvoja malých a stredných podnikov. 
610 2 0 |a podnikanie malé 
610 2 0 |a podnikanie stredné 
610 2 0 |a podnik malý 
610 2 0 |a podnik stredný 
610 2 0 |a financovanie podnikov 
610 2 0 |a rozvoj podniku 
610 2 0 |a podpora štátna 
100 1 |a Hvolková, Lenka 
700 1 |a Rosinová, Eliška